| 000 | 00761cam a22002531 4500 | ||
|---|---|---|---|
| 001 | he 68002292 | ||
| 003 | DLC | ||
| 005 | 20260227111501.0 | ||
| 008 | 920824s1966 is 000 1 hebr | ||
| 010 | _ahe 68002292 | ||
| 025 | _aPL480:Is-8388 | ||
| 035 | _a(OCoLC)26472160 | ||
| 040 |
_aDLC _cTxU _dTxU _dDLC |
||
| 041 | 1 |
_aheb _hund |
|
| 042 | _apremarc | ||
| 050 | 0 | 0 |
_aPH355.W3 _bM515 |
| 100 | 1 |
_aWaltari, Mika, _d1908- |
|
| 245 | 1 | 0 |
_aKisufe ha-harpatkan; _broman _c[me-et] Mikah Valtʼari. ʻIvrit: Eliʻezer Karmi. |
| 260 |
_aTel Aviv, _bM. Mizraḥi _c[1966] |
||
| 300 |
_a384 p. _c22 cm. |
||
| 490 | 0 | _aMoʻadon ha-sefer ha-tov. Sidrat ha-romanim | |
| 500 | _aOn verso of t.p.: The adveturer [sic] | ||
| 500 | _aTranslation of Mikael Karvajalka. | ||
| 999 |
_c33547 _d33547 |
||